[Event "Moscow-ch"]
[Site "Moscow"]
[Date "1996.??.??"]
[Round "2"]
[White "Kosteniuk, Alexandra"]
[Black "Najer, Evgeniy"]
[Result "0-1"]
[WhiteElo "2295"]
[BlackElo "2480"]
[PlyCount "62"]
[EventDate "1996.08.??"]
[EventType "swiss"]
[EventRounds "11"]
[EventCountry "RUS"]
[SourceTitle "CBM 055 Extra"]
[Source "ChessBase"]
[SourceDate "1997.01.01"]
[SourceVersion "1"]
[SourceVersionDate "1997.01.01"]
[SourceQuality "1"]

1. e4 e5 2. Nf3 Nc6 3. Bb5 Nd4 4. Nxd4 exd4 5. O-O Bc5 6. d3 c6 7. Bc4 d5 8.
exd5 cxd5 9. Bb5+ Kf8 10. Re1 Ne7 11. Ba4 h5 12. Bg5 f6 13. Bd2 Bg4 14. Qc1 Rc8
15. a3 Qb6 16. Bb3 a6 17. Bf4 g5 18. Bd2 Be6 19. Qd1 Kf7 20. Qe2 g4 21. Bb4
Bxb4 22. axb4 Ng6 23. Ra5 Rcd8 24. Qd2 h4 25. Rc5 h3 26. c4 hxg2 27. cxd5 Qd6
28. dxe6+ Kg7 29. f4 gxf3 30. Ree5 Rxh2 31. Rh5 Rh1+ 0-1

[Event "Moscow-ch"]
[Site "Moscow"]
[Date "1996.??.??"]
[Round "6"]
[White "Kosteniuk, Alexandra"]
[Black "Grachev, Boris V"]
[Result "0-1"]
[WhiteElo "2295"]
[BlackElo "2225"]
[PlyCount "121"]
[EventDate "1996.08.??"]
[EventType "swiss"]
[EventRounds "11"]
[EventCountry "RUS"]
[SourceTitle "CBM 055 Extra"]
[Source "ChessBase"]
[SourceDate "1997.01.01"]
[SourceVersion "1"]
[SourceVersionDate "1997.01.01"]
[SourceQuality "1"]

1. e4 e5 2. Nf3 Nc6 3. Bb5 a6 4. Bxc6 dxc6 5. O-O Qd6 6. Na3 Be6 7. Ng5 f6 8.
Nxe6 Qxe6 9. b3 c5 10. Nc4 Ne7 11. d3 Nc6 12. Ne3 g6 13. f4 Bd6 14. f5 gxf5 15.
Qh5+ Kd7 16. Nxf5 Nd4 17. Ne3 Rag8 18. c3 Nc6 19. Nd5 Rg6 20. Qf5 Rf8 21. Be3
Qxf5 22. Rxf5 Ne7 23. Nxe7 Kxe7 24. Raf1 Ke6 25. Bf2 Rfg8 26. Bg3 Be7 27. Kf2
b5 28. Ke2 a5 29. a3 Rb8 30. Rh5 h6 31. Rb1 Rb6 32. Rb2 Kf7 33. Rf5 Rg8 34. Rf1
Ke6 35. Rf5 b4 36. cxb4 cxb4 37. a4 Rc6 38. Kd1 Rd8 39. Rf3 Rc3 40. Ke2 Rc6 41.
Be1 Bc5 42. Rc2 Rdd6 43. Bd2 Bd4 44. Rc4 Rxc4 45. dxc4 Bb2 46. Be3 Rd7 47. Rh3
Rg7 48. g3 Rh7 49. Rxh6 Rxh6 50. Bxh6 f5 51. Kf3 Bd4 52. Be3 c5 53. Bg5 fxe4+
54. Kxe4 Kd7 55. Bf6 Ke6 56. Bd8 Bg1 57. h3 Bf2 58. g4 Kd7 59. Bxa5 Bg3 60. Bb6
Kc6 61. Bd8 0-1

[Event "Moscow-ch"]
[Site "Moscow"]
[Date "1996.??.??"]
[Round "7"]
[White "Kosteniuk, Alexandra"]
[Black "Baikov, Vladimir A"]
[Result "0-1"]
[WhiteElo "2295"]
[BlackElo "2470"]
[PlyCount "74"]
[EventDate "1996.08.??"]
[EventType "swiss"]
[EventRounds "11"]
[EventCountry "RUS"]
[SourceTitle "CBM 055 Extra"]
[Source "ChessBase"]
[SourceDate "1997.01.01"]
[SourceVersion "1"]
[SourceVersionDate "1997.01.01"]
[SourceQuality "1"]

1. e4 c5 2. Nf3 d6 3. d4 cxd4 4. Nxd4 Nf6 5. Nc3 Nc6 6. Bc4 Qb6 7. Nb3 e6 8.
O-O Be7 9. Bg5 Ne5 10. Be2 Bd7 11. Kh1 Ng6 12. Be3 Qc7 13. f4 O-O 14. Qe1 a6
15. Qg3 Kh8 16. a4 b5 17. Bf3 b4 18. e5 bxc3 19. exf6 Bxf6 20. Bxa8 cxb2 21.
Rab1 Rxa8 22. Bd4 Bxd4 23. Nxd4 Rb8 24. Qd3 e5 25. fxe5 dxe5 26. Nb3 Nf4 27.
Qd2 Bc6 28. Rf2 Rd8 29. Qa5 Qc8 30. Kg1 Nxg2 31. Qxe5 Nh4 32. Rxf7 Nf3+ 33.
Rxf3 Bxf3 34. Rxb2 Qh3 35. Qg3 Rd1+ 36. Kf2 Qf1+ 37. Ke3 Qe2+ 0-1

[Event "Moscow-ch"]
[Site "Moscow"]
[Date "1996.??.??"]
[Round "8"]
[White "Bereslavsky, Mikhail"]
[Black "Kosteniuk, Alexandra"]
[Result "1/2-1/2"]
[WhiteElo "2185"]
[BlackElo "2295"]
[PlyCount "108"]
[EventDate "1996.08.??"]
[EventType "swiss"]
[EventRounds "11"]
[EventCountry "RUS"]
[SourceTitle "CBM 055 Extra"]
[Source "ChessBase"]
[SourceDate "1997.01.01"]
[SourceVersion "1"]
[SourceVersionDate "1997.01.01"]
[SourceQuality "1"]

1. e4 c5 2. Nf3 Nc6 3. Bb5 d6 4. d4 cxd4 5. Qxd4 Bd7 6. Bxc6 Bxc6 7. Nc3 Nf6 8.
Bg5 Qb6 9. Bxf6 gxf6 10. Nd5 Bxd5 11. exd5 Qxd4 12. Nxd4 Rc8 13. O-O-O Kd7 14.
Rhe1 Rg8 15. g3 Rg5 16. Nb5 Rg4 17. f4 h5 18. Kb1 a6 19. Nd4 Rc5 20. Nf5 Rg8
21. Re3 e6 22. dxe6+ fxe6 23. Nd4 e5 24. Nb3 Rb5 25. c4 exf4 26. Rf3 Rf5 27.
Nd4 Rc5 28. Rxf4 Be7 29. Nf5 Rg4 30. Nxd6 Ke6 31. Nxb7 Rxc4 32. Nd8+ Bxd8 33.
Rxc4 Rxc4 34. Rxd8 Rc6 35. Rh8 Rc5 36. b4 Rb5 37. a3 a5 38. Kb2 axb4 39. a4 Rg5
40. Kb3 Kd6 41. Kxb4 Kc7 42. Rh7+ Kb6 43. Rh6 Rf5 44. Rh8 Rg5 45. Rb8+ Ka6 46.
Rc8 Kb7 47. Rc5 Rg4+ 48. Kb5 h4 49. gxh4 Rxh4 50. Rf5 Rxh2 51. Rxf6 Rb2+ 52.
Ka5 Ka7 53. Rf7+ Rb7 54. Rf6 Rb2 1/2-1/2

[Event "Moscow-ch"]
[Site "Moscow"]
[Date "1996.??.??"]
[Round "9"]
[White "Kosteniuk, Alexandra"]
[Black "Kritz, Leonid"]
[Result "0-1"]
[WhiteElo "2295"]
[BlackElo "2155"]
[PlyCount "54"]
[EventDate "1996.08.??"]
[EventType "swiss"]
[EventRounds "11"]
[EventCountry "RUS"]
[SourceTitle "CBM 055 Extra"]
[Source "ChessBase"]
[SourceDate "1997.01.01"]
[SourceVersion "1"]
[SourceVersionDate "1997.01.01"]
[SourceQuality "1"]

1. e4 e5 2. Nc3 Nf6 3. f4 d5 4. fxe5 Nxe4 5. d3 Nc5 6. Nf3 d4 7. Ne2 Ne6 8. g3
Be7 9. Bg2 O-O 10. O-O c5 11. c3 Nc6 12. Nf4 Nxf4 13. Bxf4 Be6 14. Qe2 Qd7 15.
Rae1 Rfe8 16. Qd2 Rad8 17. c4 Rb8 18. Bg5 Bh3 19. Bf4 Be6 20. Ng5 Bxg5 21. Bxg5
Bf5 22. Bf4 Rbc8 23. a3 Nd8 24. b4 Ne6 25. Be4 Bxe4 26. Rxe4 b5 27. cxb5 Qxb5
0-1

[Event "Moscow-ch"]
[Site "Moscow"]
[Date "1996.??.??"]
[Round "10"]
[White "Enderjukova, Aelita"]
[Black "Kosteniuk, Alexandra"]
[Result "1/2-1/2"]
[WhiteElo "2145"]
[BlackElo "2295"]
[PlyCount "55"]
[EventDate "1996.08.??"]
[EventType "swiss"]
[EventRounds "11"]
[EventCountry "RUS"]
[SourceTitle "CBM 055 Extra"]
[Source "ChessBase"]
[SourceDate "1997.01.01"]
[SourceVersion "1"]
[SourceVersionDate "1997.01.01"]
[SourceQuality "1"]

1. c4 f5 2. g3 Nf6 3. Bg2 d6 4. d4 e6 5. Nc3 Be7 6. e3 Na6 7. Nge2 c6 8. b3 Nc7
9. Bb2 O-O 10. O-O Qe8 11. e4 e5 12. f4 fxe4 13. Nxe4 Nxe4 14. Bxe4 d5 15. Bg2
e4 16. Rc1 Bd6 17. Nc3 Qg6 18. Qd2 Bf5 19. Nd1 Ne8 20. Ne3 Nf6 21. Rc2 Ng4 22.
Bc1 Qh5 23. Nxg4 Bxg4 24. Qe1 Rac8 25. Be3 Be7 26. Qd2 Rfd8 27. Rfc1 Qg6 28.
Qa5 1/2-1/2

[Event "Moscow-ch"]
[Site "Moscow"]
[Date "1996.??.??"]
[Round "11"]
[White "Abramov, Anatoli P"]
[Black "Kosteniuk, Alexandra"]
[Result "0-1"]
[WhiteElo "2110"]
[BlackElo "2295"]
[PlyCount "168"]
[EventDate "1996.08.??"]
[EventType "swiss"]
[EventRounds "11"]
[EventCountry "RUS"]
[SourceTitle "CBM 055 Extra"]
[Source "ChessBase"]
[SourceDate "1997.01.01"]
[SourceVersion "1"]
[SourceVersionDate "1997.01.01"]
[SourceQuality "1"]

1. c4 f5 2. g3 d6 3. Bg2 Nf6 4. Nc3 e5 5. d3 c6 6. e3 Be7 7. Nge2 Be6 8. b3 O-O
9. O-O Qe8 10. d4 Qh5 11. Ba3 Rd8 12. Qc2 Bf8 13. Rad1 Nbd7 14. dxe5 dxe5 15.
Bxf8 Nxf8 16. Rxd8 Rxd8 17. Rd1 Qe8 18. h3 Rxd1+ 19. Qxd1 Qd7 20. Qxd7 N8xd7
21. f4 h6 22. e4 fxe4 23. fxe5 Nxe5 24. Kf2 Nd3+ 25. Ke3 Ne1 26. Bf1 Nc2+ 27.
Kd2 Nb4 28. Nd4 Bd7 29. a3 c5 30. Ndb5 Nc6 31. Ke3 a6 32. Nd6 b6 33. Ndxe4 Nxe4
34. Kxe4 Nd4 35. Kd5 Nf5 36. Ke5 Nxg3 37. Bg2 Be8 38. Nd5 Ne2 39. Nxb6 Nc1 40.
Kd6 Nxb3 41. Bf3 Nd2 42. Bb7 Nb1 43. a4 a5 44. Be4 Nc3 45. Bc2 g5 46. Kxc5 h5
47. Kd4 Ne2+ 48. Ke3 Nf4 49. c5 Kf7 50. Nc4 Ke6 51. Bb3 Kd7 52. Nxa5 Nxh3 53.
Nc4 Nf4 54. Ne5+ Kc7 55. a5 Bb5 56. Nf7 Nd3 57. Nd6 Ba6 58. Kd4 g4 59. Bd5 Nf4
60. Ne8+ Kd8 61. Nf6 g3 62. Nxh5 Nxh5 63. Ke3 Ke7 64. Bg2 Kf6 65. c6 Ke5 66.
Kf3 Kd6 67. Bh3 Bb5 68. Kg4 Be2+ 69. Kh4 Kxc6 70. Bg2+ Kb5 71. Ba8 Kxa5 72. Bd5
Nf4 73. Be4 Nh5 74. Kh3 Bf1+ 75. Kh4 Nf6 76. Kxg3 Nxe4+ 77. Kf4 Bg2 78. Ke3 Kb4
79. Kd4 Nc3 80. Kd3 Nb5 81. Ke3 Kc4 82. Kf2 Bc6 83. Ke3 Nd4 84. Kf4 Kd5 0-1

[Event "Pripis Memorial"]
[Site "Moscow"]
[Date "1997.??.??"]
[Round "1"]
[White "Kosteniuk, Alexandra"]
[Black "Zhurina, Elizaveta"]
[Result "1-0"]
[WhiteElo "2290"]
[BlackElo "2235"]
[PlyCount "76"]
[EventDate "1997.??.??"]
[EventType "tourn"]
[EventRounds "10"]
[EventCountry "RUS"]
[SourceTitle "EXT 2000"]
[Source "ChessBase"]
[SourceDate "1999.11.16"]
[SourceVersion "1"]
[SourceVersionDate "1999.11.16"]
[SourceQuality "1"]

1. e4 c5 2. c4 g6 3. Nc3 Bg7 4. Nge2 Nc6 5. g3 Nf6 6. Bg2 O-O 7. O-O d6 8. d3
Rb8 9. h3 a6 10. a4 Bd7 11. Be3 Ne8 12. d4 cxd4 13. Nxd4 Nc7 14. Rb1 Ne6 15.
Nde2 b6 16. f4 Nb4 17. Qd2 Nc5 18. b3 Qc8 19. Kh2 b5 20. axb5 axb5 21. e5 Bf5
22. Bxc5 dxc5 23. Rbd1 bxc4 24. bxc4 Rd8 25. Nd5 Kf8 26. Qe3 h5 27. Rd2 Nc2 28.
Qc3 e6 29. Ne3 Rxd2 30. Qxd2 Qd8 31. Qc1 Nd4 32. Nc3 Rb4 33. Rd1 Qe7 34. Ncd5
exd5 35. Nxd5 Qa7 36. Nxb4 cxb4 37. Qe3 Nc6 38. Bxc6 Qe7 1-0

[Event "Pripis Memorial"]
[Site "Moscow"]
[Date "1997.??.??"]
[Round "2"]
[White "Seferjan, Narek"]
[Black "Kosteniuk, Alexandra"]
[Result "1-0"]
[WhiteElo "2275"]
[BlackElo "2290"]
[PlyCount "101"]
[EventDate "1997.??.??"]
[EventType "tourn"]
[EventRounds "10"]
[EventCountry "RUS"]
[SourceTitle "EXT 2000"]
[Source "ChessBase"]
[SourceDate "1999.11.16"]
[SourceVersion "1"]
[SourceVersionDate "1999.11.16"]
[SourceQuality "1"]

1. e4 c5 2. c3 d5 3. exd5 Qxd5 4. d4 Nf6 5. Nf3 Bg4 6. Be2 e6 7. h3 Bh5 8. O-O
Nc6 9. Be3 cxd4 10. cxd4 Be7 11. Nc3 Qd6 12. Qb3 Qb4 13. Rfd1 O-O 14. d5 exd5
15. Nxd5 Nxd5 16. Rxd5 Qxb3 17. axb3 Bg6 18. Rd7 Bf6 19. Rxb7 a5 20. Rb6 Nb4
21. Bc5 Nc2 22. Ra4 Rfc8 23. Rb5 Bf5 24. Rbxa5 Rxa5 25. Rxa5 Bxb2 26. Bc4 Bc3
27. Rb5 h6 28. Bd6 Be6 29. Bxe6 fxe6 30. Rb7 Rd8 31. Bc5 Rd1+ 32. Kh2 Rb1 33.
Bd6 Rf1 34. Rc7 Bb4 35. Be5 Rxf2 36. Kg1 Re2 37. Kf1 Rxe5 38. Nxe5 Ne3+ 39. Kf2
Nd5 40. Rc6 Nf4 41. Kf3 Nd5 42. Rxe6 Bc3 43. Ke4 Nf6+ 44. Kd3 Ba5 45. Kc4 Bc7
46. b4 Ne4 47. b5 Nd6+ 48. Kc5 Nb7+ 49. Kd5 Nd8 50. Re8+ Kh7 51. Nd7 1-0

[Event "Pripis Memorial"]
[Site "Moscow"]
[Date "1997.??.??"]
[Round "5"]
[White "Kosteniuk, Alexandra"]
[Black "Annakov, Babakuli"]
[Result "0-1"]
[WhiteElo "2290"]
[BlackElo "2365"]
[PlyCount "58"]
[EventDate "1997.??.??"]
[EventType "tourn"]
[EventRounds "10"]
[EventCountry "RUS"]
[SourceTitle "EXT 2000"]
[Source "ChessBase"]
[SourceDate "1999.11.16"]
[SourceVersion "1"]
[SourceVersionDate "1999.11.16"]
[SourceQuality "1"]

1. e4 g6 2. d4 Bg7 3. Nc3 d6 4. f4 c6 5. Nf3 Nd7 6. Be2 e5 7. fxe5 dxe5 8. Be3
Ne7 9. dxe5 Qa5 10. O-O Nxe5 11. Nxe5 Qxe5 12. Qe1 O-O 13. Rd1 Qc7 14. Qf2 b5
15. Bc5 Be6 16. Bd6 Qb7 17. Qc5 Rfe8 18. Kh1 Nc8 19. e5 Nxd6 20. Rxd6 Bf5 21.
Qxc6 Qxc6 22. Rxc6 Rxe5 23. Bf3 Rae8 24. Kg1 Bxc2 25. Rc7 Bd3 26. Bc6 Re1 27.
Rcxf7 Bd4+ 28. Kh1 Bxf1 29. Bd5 Bc4+ 0-1

[Event "Pripis Memorial"]
[Site "Moscow"]
[Date "1997.??.??"]
[Round "7"]
[White "Kastanieda, Georgiy"]
[Black "Kosteniuk, Alexandra"]
[Result "1-0"]
[WhiteElo "2375"]
[BlackElo "2290"]
[PlyCount "71"]
[EventDate "1997.??.??"]
[EventType "tourn"]
[EventRounds "10"]
[EventCountry "RUS"]
[SourceTitle "EXT 2000"]
[Source "ChessBase"]
[SourceDate "1999.11.16"]
[SourceVersion "1"]
[SourceVersionDate "1999.11.16"]
[SourceQuality "1"]

1. Nf3 d5 2. e3 Nf6 3. b3 Bg4 4. Bb2 e6 5. c4 c6 6. Be2 Nbd7 7. O-O Bd6 8. Nc3
O-O 9. Rc1 Bb8 10. cxd5 exd5 11. Nd4 Bxe2 12. Ncxe2 Ne5 13. d3 Re8 14. Ng3 Qd7
15. Rc2 Neg4 16. Ndf5 Qe6 17. h3 Ne5 18. f4 Ned7 19. e4 dxe4 20. dxe4 Bc7 21.
e5 Nd5 22. Qf3 Nf8 23. Kh1 Red8 24. Nxg7 Kxg7 25. f5 Qe8 26. Nh5+ Kg8 27. Rd2
Qe7 28. e6 fxe6 29. Qg4+ Ng6 30. fxg6 Rf8 31. Rf7 Rxf7 32. gxf7+ Kxf7 33. Qg7+
Ke8 34. Qg8+ Kd7 35. Qxa8 Qh4 36. Nf6+ 1-0

[Event "Pripis Memorial"]
[Site "Moscow"]
[Date "1997.??.??"]
[Round "8"]
[White "Kosteniuk, Alexandra"]
[Black "Baikov, Vladimir A"]
[Result "1-0"]
[WhiteElo "2290"]
[BlackElo "2455"]
[PlyCount "151"]
[EventDate "1997.??.??"]
[EventType "tourn"]
[EventRounds "10"]
[EventCountry "RUS"]
[SourceTitle "EXT 2000"]
[Source "ChessBase"]
[SourceDate "1999.11.16"]
[SourceVersion "1"]
[SourceVersionDate "1999.11.16"]
[SourceQuality "1"]

1. e4 c5 2. Nf3 d6 3. d4 cxd4 4. Nxd4 Nf6 5. Nc3 Nc6 6. Bc4 Qb6 7. Nb3 e6 8.
O-O Be7 9. Be3 Qc7 10. f4 a6 11. Bd3 b5 12. Qf3 Bb7 13. Qh3 Nb4 14. Rae1 Rc8
15. a3 Nxd3 16. cxd3 O-O 17. Rf3 Bc6 18. Rg3 Kh8 19. Nd4 Bd7 20. f5 e5 21. Nf3
Bc6 22. Ng5 Bd8 23. Rf1 Qb7 24. Rff3 Bb6 25. Qh4 Bxe3+ 26. Rxe3 h6 27. Rh3 Qe7
28. Reg3 Nh7 29. Qh5 Nxg5 30. Rxg5 f6 31. Rg6 Rf7 32. Qe2 a5 33. Qd2 Qf8 34.
Nd1 Be8 35. Rgg3 Rfc7 36. Ne3 Rc1+ 37. Kf2 d5 38. exd5 Qc5 39. Ke2 h5 40. Rh4
Rb1 41. Rf3 Bf7 42. Rf1 Rxf1 43. Kxf1 Bxd5 44. Rxh5+ Kg8 45. Rh4 Bf7 46. h3 Rd8
47. Ke2 Rd4 48. Re4 Bd5 49. Nxd5 Qxd5 50. Qe3 Qb3 51. Qd2 b4 52. Rxd4 exd4 53.
axb4 axb4 54. Qc1 Kh7 55. g4 Qd5 56. Qg1 Qe5+ 57. Kd1 b3 58. Qf2 Qd5 59. h4
Qh1+ 60. Ke2 Qd5 61. Kd1 Kg8 62. g5 fxg5 63. hxg5 Kf7 64. Ke2 Qe5+ 65. Kf1 Qd5
66. Ke2 Qc5 67. Kd1 Qd5 68. Ke2 Qe5+ 69. Kd2 Qc5 70. g6+ Kf6 71. Qh4+ Ke5 72.
Qe4+ Kf6 73. Qh4+ Ke5 74. Qh2+ Kd5 75. f6 Ke6 76. fxg7 1-0

[Event "Pripis Memorial"]
[Site "Moscow"]
[Date "1997.??.??"]
[Round "9"]
[White "Ramazan, Elshad"]
[Black "Kosteniuk, Alexandra"]
[Result "0-1"]
[WhiteElo "2370"]
[BlackElo "2290"]
[PlyCount "60"]
[EventDate "1997.??.??"]
[EventType "tourn"]
[EventRounds "10"]
[EventCountry "RUS"]
[SourceTitle "EXT 2000"]
[Source "ChessBase"]
[SourceDate "1999.11.16"]
[SourceVersion "1"]
[SourceVersionDate "1999.11.16"]
[SourceQuality "1"]

1. c3 d5 2. d4 Nf6 3. Bg5 Ne4 4. h4 Qd6 5. e3 Nd7 6. Bf4 Qc6 7. Qb3 a6 8. Bd3
Ndf6 9. Nf3 Qd7 10. Bxe4 Nxe4 11. Nbd2 Nxd2 12. Nxd2 e6 13. h5 h6 14. Be5 Qd8
15. O-O-O b5 16. Qc2 a5 17. Rh3 Ra6 18. Nf3 Rc6 19. Rg3 f6 20. a3 Qd7 21. Kd2
Qf7 22. Qd3 Ba6 23. b4 fxe5 24. dxe5 Rc4 25. Ke2 c5 26. Rg6 Be7 27. Nd2 Rh4 28.
e4 Rxh5 29. exd5 Rxe5+ 30. Kf1 Rxd5 0-1

[Event "Pripis Memorial"]
[Site "Moscow"]
[Date "1997.??.??"]
[Round "10"]
[White "Vorobiov, Evgeny E"]
[Black "Kosteniuk, Alexandra"]
[Result "1-0"]
[WhiteElo "2435"]
[BlackElo "2290"]
[PlyCount "131"]
[EventDate "1997.??.??"]
[EventType "tourn"]
[EventRounds "10"]
[EventCountry "RUS"]
[SourceTitle "EXT 2000"]
[Source "ChessBase"]
[SourceDate "1999.11.16"]
[SourceVersion "1"]
[SourceVersionDate "1999.11.16"]
[SourceQuality "1"]

1. e4 c5 2. Nf3 d6 3. d4 cxd4 4. Nxd4 Nf6 5. Nc3 g6 6. Be3 Bg7 7. f3 O-O 8. Qd2
Nc6 9. O-O-O d5 10. Kb1 Nxd4 11. e5 Nd7 12. Bxd4 Nxe5 13. Qe3 Nc6 14. Bxg7 Kxg7
15. Nxd5 Be6 16. Bc4 Bxd5 17. Bxd5 Qc7 18. h4 e6 19. Bxc6 Qxc6 20. h5 Rac8 21.
c3 Qc5 22. Rd4 e5 23. hxg6 hxg6 24. Rh5 Kf6 25. Rxe5 Qxe5 26. Rf4+ Qxf4 27.
Qxf4+ Kg7 28. Qd4+ Kh7 29. Qxa7 Rc7 30. a4 Re8 31. Qf2 Rce7 32. Qb6 Re1+ 33.
Ka2 R8e7 34. a5 R1e2 35. Qb4 Rd7 36. g4 Rg2 37. Qb6 Re2 38. Ka3 Re6 39. Qf2 Rd3
40. f4 Ree3 41. f5 gxf5 42. gxf5 Rg3 43. Qf4 Rgf3 44. Qe4 Kg7 45. Qxb7 Rxf5 46.
a6 Rd1 47. b4 Rf2 48. b5 Ra1+ 49. Kb4 Rfa2 50. c4 Kg6 51. Kc5 f5 52. Qc7 Kg5
53. Qg3+ Kf6 54. Kb6 Ra3 55. Qf4 Ra4 56. Kb7 R1a2 57. Qd6+ Kg5 58. c5 Ra5 59.
Qg3+ Kf6 60. Qb3 R5a3 61. Qc4 Ra4 62. Qc3+ Ke6 63. c6 R2a3 64. Qc2 Rh4 65. c7
Rh7 66. Qc6+ 1-0

[Event "Pripis Memorial"]
[Site "Moscow"]
[Date "1997.??.??"]
[Round "11"]
[White "Kosteniuk, Alexandra"]
[Black "Yuferov, Sergey N"]
[Result "0-1"]
[WhiteElo "2290"]
[BlackElo "2405"]
[PlyCount "106"]
[EventDate "1997.??.??"]
[EventType "tourn"]
[EventRounds "10"]
[EventCountry "RUS"]
[SourceTitle "EXT 2000"]
[Source "ChessBase"]
[SourceDate "1999.11.16"]
[SourceVersion "1"]
[SourceVersionDate "1999.11.16"]
[SourceQuality "1"]

1. e4 c5 2. c4 Nc6 3. Nc3 g6 4. g3 Bg7 5. Nge2 Ne5 6. Nf4 Nf6 7. d3 d6 8. Bg2
Bg4 9. f3 Bd7 10. O-O O-O 11. Nfd5 Ne8 12. f4 Ng4 13. Bf3 Bd4+ 14. Kg2 f5 15.
Qe2 Rf7 16. exf5 gxf5 17. Bxg4 fxg4 18. f5 h5 19. Be3 Ng7 20. Bxd4 cxd4 21. Ne4
Rxf5 22. Rxf5 Bxf5 23. Qf2 Bxe4+ 24. dxe4 Qf8 25. Qxd4 Qf3+ 26. Kg1 Ne6 27. Qd2
Re8 28. Re1 Qf7 29. Qe3 Rf8 30. b4 b6 31. a3 Qg7 32. Nf4 Nxf4 33. gxf4 Qh6 34.
f5 Qxe3+ 35. Rxe3 Rc8 36. Rc3 Kf7 37. Kf2 Kf6 38. Ke3 Ke5 39. Rc2 h4 40. Rc1
Rg8 41. Rg1 g3 42. Kf3 gxh2 43. Rh1 Rg3+ 44. Kf2 Rxa3 45. Kg2 Ra2+ 46. Kf3 h3
47. Kg4 Kxe4 48. Kxh3 Kxf5 49. Kg3 Ke4 50. Rd1 Rc2 51. b5 e5 52. Kh3 Ke3 53.
Kg3 e4 0-1

[Event "Pripis Memorial+"]
[Site "Moscow"]
[Date "1997.??.??"]
[Round "3"]
[White "Kosteniuk, Alexandra"]
[Black "Riazantsev, Alexander"]
[Result "1-0"]
[WhiteElo "2290"]
[BlackElo "2330"]
[PlyCount "89"]
[EventDate "1997.??.??"]
[EventType "tourn"]
[EventRounds "11"]
[EventCountry "RUS"]
[SourceTitle "EXT 2000"]
[Source "ChessBase"]
[SourceDate "1999.11.16"]
[SourceVersion "1"]
[SourceVersionDate "1999.11.16"]
[SourceQuality "1"]

1. e4 g6 2. d4 Bg7 3. Nc3 c6 4. Nf3 d6 5. h3 Nd7 6. Be3 b5 7. d5 b4 8. dxc6
bxc3 9. cxd7+ Bxd7 10. Bd4 Bxd4 11. Qxd4 cxb2 12. Qxb2 Qa5+ 13. c3 Nf6 14. Bd3
O-O 15. Qb4 Qc7 16. O-O Rfc8 17. Rfc1 Rab8 18. Qd4 Qa5 19. e5 dxe5 20. Nxe5 Be6
21. c4 Rc5 22. Nf3 Rd8 23. Qe3 Qc7 24. Nd4 Re5 25. Nxe6 Rxe6 26. Qf3 Red6 27.
Bf1 Qc5 28. Rc2 Nd5 29. Rd2 Nb6 30. Rb2 Qd4 31. Qb3 Rc8 32. Rc1 Rdc6 33. Rbc2
Rc5 34. Rc3 Qf4 35. Qc2 e6 36. Rf3 Qc7 37. Rc3 Qe5 38. Re3 Qd4 39. Re4 Qd6 40.
Rd1 Qc6 41. Red4 Nxc4 42. Bxc4 Rxc4 43. Rxc4 Qxc4 44. Rd8+ Kg7 45. Rxc8 1-0

[Event "San Agustin op U18"]
[Site "San Agustin"]
[Date "1997.??.??"]
[Round "?"]
[White "Fernandez Garcia, Miguel Angel"]
[Black "Kosteniuk, Alexandra"]
[Result "0-1"]
[WhiteElo "2245"]
[BlackElo "2290"]
[PlyCount "97"]
[EventDate "1997.??.??"]
[EventType "swiss"]
[EventRounds "9"]
[EventCountry "ESP"]
[SourceTitle "EXT 2000"]
[Source "ChessBase"]
[SourceDate "1999.11.16"]
[SourceVersion "1"]
[SourceVersionDate "1999.11.16"]
[SourceQuality "1"]

1. d4 f5 2. g3 g6 3. Bg2 Nf6 4. Nh3 Bg7 5. Nf4 c6 6. h4 d6 7. Nc3 O-O 8. h5 e5
9. h6 Bh8 10. dxe5 dxe5 11. Qxd8 Rxd8 12. Nd3 Re8 13. Bg5 Na6 14. e4 Nxe4 15.
Nxe4 fxe4 16. Bxe4 Bf5 17. Rh4 Kf7 18. O-O-O Bf6 19. Bxf6 Kxf6 20. Re1 Rad8 21.
g4 Bxe4 22. Rxe4 Rd4 23. Rxd4 exd4 24. f4 Nc7 25. Rh1 Nd5 26. Kd2 Re3 27. Rf1
Rg3 28. f5 Rg2+ 29. Kc1 Rxc2+ 30. Kb1 Rd2 31. fxg6+ Kxg6 32. Ne5+ Kxh6 33. g5+
Kg7 34. Rf7+ Kg8 35. Rxb7 Ne3 36. a4 Rd1+ 37. Ka2 d3 38. Rd7 d2 39. Nf3 Nf1 40.
Kb3 a5 41. Rd6 c5 42. Nxd2 Rxd2 43. Ra6 Ne3 44. Rxa5 c4+ 45. Kc3 Rd3+ 46. Kb4
Rb3+ 47. Kc5 Rxb2 48. Kd4 Rb3 49. Re5 0-1

[Event "San Agustin op U18"]
[Site "San Agustin"]
[Date "1997.??.??"]
[Round "?"]
[White "Kosteniuk, Alexandra"]
[Black "Martinez Penalver, Jose"]
[Result "1/2-1/2"]
[WhiteElo "2290"]
[BlackElo "2110"]
[PlyCount "95"]
[EventDate "1997.??.??"]
[EventType "swiss"]
[EventRounds "9"]
[EventCountry "ESP"]
[SourceTitle "EXT 2000"]
[Source "ChessBase"]
[SourceDate "1999.11.16"]
[SourceVersion "1"]
[SourceVersionDate "1999.11.16"]
[SourceQuality "1"]

1. e4 c5 2. Nf3 d6 3. d4 cxd4 4. Nxd4 Nf6 5. Nc3 a6 6. Be2 e5 7. Nb3 Be7 8. O-O
Be6 9. f4 exf4 10. Bxf4 Nc6 11. Qd3 Ne5 12. Bxe5 dxe5 13. Qg3 O-O 14. Rad1 Qc7
15. Kh1 Rad8 16. Nc1 Kh8 17. Nd3 Nd7 18. Bg4 Bxg4 19. Qxg4 Nf6 20. Qh3 Rd4 21.
Rde1 b5 22. a3 Qb8 23. Rf5 b4 24. axb4 Bxb4 25. Nxe5 Bxc3 26. Qxc3 Rxe4 27.
Rxe4 Nxe4 28. Qd4 Nd6 29. Rh5 Qc7 30. Qd3 h6 31. Ng4 Qe7 32. Re5 Qd8 33. h3 f5
34. Nf2 Qf6 35. Rd5 Ne4 36. Nxe4 fxe4 37. Qxe4 Qxb2 38. Rd1 Qf6 39. c4 Rc8 40.
Qd5 Qc6 41. Re1 Qxd5 42. cxd5 Rd8 43. Rd1 Kg8 44. Kg1 Kf7 45. Kf2 Kf6 46. Ke3
Ke5 47. Ra1 Rxd5 48. Rxa6 1/2-1/2

[Event "San Agustin op U18"]
[Site "San Agustin"]
[Date "1997.??.??"]
[Round "?"]
[White "Kosteniuk, Alexandra"]
[Black "Mateuta, Gabriel"]
[Result "0-1"]
[WhiteElo "2290"]
[BlackElo "2475"]
[PlyCount "158"]
[EventDate "1997.??.??"]
[EventType "swiss"]
[EventRounds "9"]
[EventCountry "ESP"]
[SourceTitle "EXT 2000"]
[Source "ChessBase"]
[SourceDate "1999.11.16"]
[SourceVersion "1"]
[SourceVersionDate "1999.11.16"]
[SourceQuality "1"]

1. e4 g6 2. d4 Bg7 3. Nc3 c6 4. Nf3 d5 5. exd5 cxd5 6. Bf4 Nc6 7. Nb5 Kf8 8. c3
Bg4 9. Be2 a6 10. Na3 Bh6 11. Qd2 Kg7 12. Nc2 Bxf4 13. Qxf4 Nf6 14. h4 Qb8 15.
Qg5 h6 16. Qe3 Bf5 17. Qc1 e5 18. Ne3 Be4 19. dxe5 Nxe5 20. Nxe5 Qxe5 21. Qd2
Rhe8 22. Qd4 Qxd4 23. cxd4 Re7 24. Kd2 Rae8 25. Rhe1 g5 26. hxg5 hxg5 27. Bd3
Bxd3 28. Kxd3 Kg6 29. f3 Nd7 30. Kd2 Nb6 31. Rac1 f5 32. b3 f4 33. Nc2 Nd7 34.
Rxe7 Rxe7 35. Nb4 Nf6 36. Rc5 Rh7 37. Ke2 Rh2 38. Kf2 Rh1 39. Nxd5 Nh5 40. Ke2
Ng3+ 41. Kd3 Rd1+ 42. Kc4 Nf5 43. Rc7 Rxd4+ 44. Kc5 Rd2 45. Rxb7 Rc2+ 46. Kb4
Rxa2 47. Rb6+ Kg7 48. Rb7+ Kf8 49. Rb6 Nh4 50. Nf6 Rxg2 51. Rxa6 Kf7 52. Ne4
Nxf3 53. Rf6+ Kg7 54. Rf5 Kg6 55. Rf6+ Kh5 56. Rf5 Kg4 57. Rd5 Re2 58. Nc3 Re5
59. Rd1 Kf5 60. Kc4 g4 61. b4 g3 62. b5 g2 63. b6 g1=Q 64. Rxg1 Nxg1 65. Nb5 f3
66. b7 f2 67. b8=Q f1=Q+ 68. Kb4 Qe1+ 69. Nc3 Qh4+ 70. Kb3 Nf3 71. Qc8+ Re6 72.
Qc5+ Ne5 73. Qc7 Qe7 74. Qb8 Qd6 75. Qh8 Qb6+ 76. Kc2 Qf2+ 77. Kb3 Rb6+ 78. Ka4
Qd4+ 79. Ka5 Qb4# 0-1